Vocales (Registro nro. 13280)
[ vista simple ]
| 000 -LIDER | |
|---|---|
| fixed length control field | 00660nam a22002297a 4500 |
| 003 - IDENTIFICACDOR DE NÚMERO DE CONTROL | |
| control field | DO-SdBPM |
| 005 - DATE AND TIME OF LATEST TRANSACTION | |
| control field | 20250701141401.0 |
| 008 - ELEMENTOS DE LONGITUD FIJA | |
| fixed length control field | 180212b2001 sp|||| 00| 0 spa d |
| 020 ## - ISBN | |
| International Standard Book Number | 8472977056 |
| 040 ## - FUENTE DE CATALOGACIÓN | |
| Agencia que crea de manera original el registro | DO-SdBPM |
| Idioma de catalogación | spa |
| Agencia que realiza la transcripción | BPMSU |
| 082 ## - NÚMERO DE CLASIFICACIÓN DECIMAL DE DEWEY | |
| Classification number | 372.4 |
| Item number | V872 2001 |
| Edition number | 22 |
| 245 00 - MENCIÓN DE TITULO | |
| Título | Vocales |
| 260 ## - PUBLICACIÓN, DISTRIBUCIÓN, ETC. (PIE DE IMPRENTA) | |
| Lugar de publicación, distribución, etc | Guipúzcoa, España : |
| Nombre del editor, distribuidor, etc. | Saldaña, |
| Fecha de publicación, distribución, etc | 2001 |
| 300 ## - DESCRIPCIÓN FÍSICA | |
| Extensión | [ 6 p.] : |
| Otros detalles físicos | il. ; |
| Dimensiones | 24 cm |
| 490 0# - MENCIÓN DE SERIES | |
| Mención de serie | Aprende con Oscar |
| 590 ## - NOTA LOCAL | |
| Texto de la nota local | Inventariado, 2025/VM |
| 650 #4 - ENCABEZAMIENTO DE MATERIA--TEMÁTICO | |
| Término temático o nombre geográfico como elemento de entrada | Educación preescolar |
| 650 #4 - ENCABEZAMIENTO DE MATERIA--TEMÁTICO | |
| Término temático o nombre geográfico como elemento de entrada | Lectura recreativa |
| Subdivisión de forma | Enseñanza |
| 650 #4 - ENCABEZAMIENTO DE MATERIA--TEMÁTICO | |
| Término temático o nombre geográfico como elemento de entrada | Libros y lecturas para niños |
| 910 ## - VALIDACIÓN | |
| Validación | VMateo V. Control de calidad. BPMSU |
| 942 ## - ADDED ENTRY ELEMENTS (KOHA) | |
| Source of classification or shelving scheme | Dewey Decimal Classification |
| Koha item type | Libros |
| Withdrawn status | Lost status | Source of classification or shelving scheme | Damaged status | Not for loan | Collection code | Home library | Current library | Date acquired | Source of acquisition | Total Checkouts | Full call number | Barcode | Date last seen | Price effective from | Koha item type |
|---|---|---|---|---|---|---|---|---|---|---|---|---|---|---|---|
| Dewey Decimal Classification | Colección General | Biblioteca Pública Metropolitana Salomé Ureña | Biblioteca Pública Metropolitana Salomé Ureña | 02/12/2018 | Donado | BPMSU CGI 372.4 V872 2001 | BPMSU18020121 | 02/12/2018 | 02/12/2018 | Libros |